| 000 | 00772nam a2200241 i 4500 | ||
|---|---|---|---|
| 001 | bg | ||
| 003 | KOSZ 005 | ||
| 005 | 20230127142104.0 | ||
| 008 | s pl f |000 0 pol | ||
| 040 | _cBPK | ||
| 041 | _apol | ||
| 080 | _a621.82 | ||
| 100 | 1 |
_aKiciński, Jan _d(1948- ) _eAutor |
|
| 245 | 0 |
_aModele izotermicznego filmu smarnego łożysk ślizgowych / _cJ. Kiciński. |
|
| 260 |
_aGdańsk, _c1983. |
||
| 336 |
_2rdacontent _aTekst _btxt |
||
| 337 |
_2rdamedia _aBez urządzenia pośredniczącego _bn |
||
| 338 |
_2rdacarrier _aWolumin _bnc |
||
| 650 | 7 | _aŁożyska ślizgowe | |
| 658 | _aInżynieria i technika | ||
| 856 |
_uhttp://koha.tu.koszalin.pl/cgi-bin/koha/opac-detail.pl?biblionumber=22355 _yKatalog online BPK |
||
| 942 |
_cKS _2UKD |
||
| 999 |
_c22355 _d22355 |
||